000 01027cam a2200325 a 4500
001 26195
003 BD-RjUL
005 20211209051001.0
008 140320s1962 enkb b 00110beng d
020 _a0140135642
020 _a0140205640
035 _a(BD-RjUL)26265
035 _a(BD-RjUL)
040 _dAAWM
_dNNPL
_dSSLP
_dANL
_aBD-RjUL
_beng
_cBD-RjUL
041 _aeng
082 1 _a943.086/0924
_219
_bBUH 1962
100 1 _aBullock, Alan,
_d1914-2004.
_971013
245 1 0 _aHitler :
_ba study in tyranny /
_cAlan Bullock.
260 _aHarmondsworth, Middlesex :
_bPenguin,
_c1962. [Reprinted 1986]
300 _a848 p. :
_bmap ;
_c18 cm.
490 1 _aPelican books ;
_vA564
504 _aIncludes bibliographical references and index.
600 1 0 _aHitler, Adolf,
_d1889-1945.
_981586
650 0 _aHeads of state
_zGermany
_xBiography.
_980514
651 0 _aGermany
_xHistory
_y1933-1945.
_980354
830 0 _vA564.
_981587
830 0 _aPelican book ;
_981588
942 _2ddc
_cBK
999 _c26195
_d26195